[Event "DMP 1st League"]
[Site "Koszalin POL"]
[Date "2005.07.06"]
[Round "2"]
[White "Szwed,J"]
[Black "Tomczak,J"]
[Result "0-1"]
[WhiteElo "2162"]
[BlackElo "2329"]

1.d4 d5 2.c4 dxc4 3.Nf3 Nf6 4.e3 e6 5.Bxc4 c5 6.O-O Nc6 7.Qe2 cxd4 8.Rd1 Be7
9.exd4 a6 10.Nc3 b5 11.d5 bxc4 12.dxc6 Qc7 13.Qxc4 e5 14.Nd5 Nxd5 15.Qxd5 Bf6
16.Bg5 Be6 17.Qe4 O-O 18.Bxf6 gxf6 19.h4 Rab8 20.h5 h6 21.Qh4 Kg7 22.Qg3+ Kh7
23.Qh4 Rg8 24.Qxf6 Qxc6 25.Rac1 Rxg2+ 26.Kh1 Qb6 27.Rg1 Rxg1+ 28.Rxg1 Rg8
29.Rxg8 Kxg8 30.Kg1 e4 31.Qd4 Qc6 32.Nd2 Bd5 33.Qe3 Qc1+ 34.Kh2 Qxb2 35.Qxh6 Qe5+
36.Kg1 Bxa2 37.Nf1 Bc4 38.Ne3 Be2 39.Qc6 Qg5+ 40.Kh2 Qxh5+ 41.Kg1 Bf3 42.Qc8+ Kh7
43.Qf5+ Qxf5 44.Nxf5 a5 45.Nd4 a4 46.Nb5 Be2 47.Nc3 a3  0-1

[Event "DMP 1st League"]
[Site "Koszalin POL"]
[Date "2005.07.07"]
[Round "4"]
[White "Luch,M"]
[Black "Tomczak,J"]
[Result "1-0"]
[WhiteElo "2414"]
[BlackElo "2329"]

1.d4 d5 2.c4 dxc4 3.Nf3 Nf6 4.e3 e6 5.Bxc4 c5 6.O-O Nc6 7.Qe2 a6 8.Rd1 b5
9.dxc5 Qc7 10.Bd3 Bxc5 11.a4 b4 12.Nbd2 Bb7 13.Nc4 O-O 14.b3 e5 15.Ng5 Na5
16.Nxa5 Qxa5 17.Bc4 h6 18.Nf3 Ne4 19.Bb2 Bd6 20.Nh4 Qd8 21.Ng6 Nc3 22.Bxc3 Qg5
23.Bd5 Bxd5 24.Rxd5 Qxg6 25.Bb2 Rfd8 26.e4 Bc7 27.Rc1 Bb6 28.g3 Rac8 29.Rxc8 Rxc8
30.Bxe5 Qe6 31.Bb2 Rc5 32.Rxc5 Bxc5 33.Qc2 Qb6 34.Kg2 Bd4 35.Qc8+ Kh7 36.Qf5+ Kg8
37.Bxd4 Qxd4 38.Qd5 Qc3 39.a5 Qc8 40.h4 Qc2 41.h5 Qc8 42.Qd6 Qb7 43.Kf3 Qb5
44.Qd8+ Kh7 45.Qd5 Qe8 46.Qb7 Qe5 47.Qxf7 Qc3+ 48.Kg2 Qe1 49.Qc4 Kh8 50.Qd5 Qe2
51.Qe6 Qd1 52.Qc4 Qd6 53.Qd5 Qf6 54.Qa8+ Kh7 55.Qe8 Qd4 56.Qe6 Qd1 57.e5 Qxh5
58.Qxa6 Qxe5 59.Qd3+ Kh8 60.a6 Qa5 61.Qd6 Qb5 62.Qd8+ Kh7 63.Qa8 Qb6 64.Qb7  1-0

[Event "27th Open"]
[Site "Oberwart AUT"]
[Date "2005.07.10"]
[Round "2"]
[White "Danner,G"]
[Black "Zoebisch,H"]
[Result "1/2-1/2"]
[WhiteElo "2408"]
[BlackElo "2213"]

1.d4 d5 2.Nf3 Nf6 3.c4 dxc4 4.e3 e6 5.Bxc4 c5 6.O-O a6 7.dxc5 Bxc5 8.Qxd8+ Kxd8
9.Ne5 Ke7 10.Be2 Nfd7 11.Nd3 Bd6 12.Nd2 Nc6 13.Ne4 b6 14.b3 Bb4 15.Nxb4 Nxb4
16.Ba3 a5 17.Rfd1 Bb7 18.Nd6 Bd5 19.Nc4 Rac8 20.Rd2 Rhd8 21.Rad1 Bxc4 22.Bxc4 Nc5
23.Bb2 Rxd2 24.Rxd2 f6 25.a3 Nc6 26.f3 Rc7 27.Kf2 Rd7 28.Rxd7+ Kxd7 29.Ke2 Kd6
30.Kd2 Ne5 31.Kc3 Nxc4 32.Kxc4 Kc6 33.a4 Nd7 34.Ba3 Nc5 35.h3 Nd7 36.Bb2 g5
37.Bd4 f5 38.g4 Nb8 39.b4 axb4 40.Kxb4 Nd7 41.gxf5 exf5 42.Kc4 Nb8 43.f4 gxf4
44.exf4 Nd7 45.Kb4 Nb8 46.Kc3 Nd7 47.Kc4 Nb8 48.Bf6 Nd7 49.Be7 Nb8 50.Kd4 Kd7
51.Bf8 Nc6+ 52.Kc4 Na7 53.Ba3 Kc7 54.Kd4 Kd7 55.Kc4 Kc7 56.Kb4 Nc8 57.Kc4 Na7
58.Kd4 Kd7 59.Bb2 Nc6+ 60.Kc4 Na7 61.Bd4 Nc8 62.Kb5 Kc7 63.Be5+ Kb7 64.h4 h5
65.Kc4 Kc6 66.Bb2 Na7 67.Kd4 Kd7 68.Ke5 b5 69.axb5 Nxb5 70.Kf6 Nd6 71.Kg6 Ke8
72.Kxh5 Kf7 73.Kh6 Ne4 74.h5 Nd2 75.Be5 Ne4 76.Bd4 Nd2 77.Be3 Ne4  1/2-1/2

[Event "ch-SWE"]
[Site "Goeteborg SWE"]
[Date "2005.07.11"]
[Round "9"]
[White "Cramling,P"]
[Black "Ong,Kez"]
[Result "1/2-1/2"]
[WhiteElo "2494"]
[BlackElo "2371"]

1.Nf3 d5 2.d4 Nf6 3.c4 dxc4 4.e3 e6 5.Bxc4 c5 6.Qe2 a6 7.dxc5 Bxc5 8.O-O b5
9.Bd3 Nc6 10.Nbd2 Bb7 11.Rd1 Qc7 12.Nb3 Bd6 13.Bd2 O-O 14.Rac1 Qe7 15.h3 Rac8
16.e4 Nd7 17.Na5 Nxa5 18.Bxa5 Ne5 19.Rxc8 Rxc8 20.Bc3 Nxf3+ 21.Qxf3 b4 22.Bd4 Bc5
23.Bc4 Bxd4 24.Rxd4 Rd8 25.Qd3 Rxd4 26.Qxd4 Qc7 27.b3 g6 28.f3 Bc8 29.e5 a5
30.Kf2 Kg7 31.h4 Kg8 32.Ke3 Kg7 33.Kd3 Qe7 34.Ke2 Qc7 35.Ke3 Qe7 36.Kd2 Kg8
37.g3 Qc7 38.Ke3 Kg7 39.Kd3 Qb7 40.Ke2 Qc7 41.Ke3 Bd7 42.g4 Be8 43.Kf4 Qe7
44.Kg3 h6 45.Bd3 Qc7 46.Bc4 Qe7 47.Qf4 g5 48.Qe3 gxh4+ 49.Kh3 Qd8 50.Bd3 Bc6
51.Be2 Bd5 52.Qd4 f6 53.Qa7+ Kh8 54.Qe3 Kg7 55.Qa7+ Kh8 56.Qe3 Kg7 57.Qa7+  1/2-1/2

[Event "DMP 1st League"]
[Site "Koszalin POL"]
[Date "2005.07.11"]
[Round "9"]
[White "Luch,M"]
[Black "Warakomski,T"]
[Result "1/2-1/2"]
[WhiteElo "2414"]
[BlackElo "2375"]

1.d4 d5 2.c4 dxc4 3.Nf3 Nf6 4.e3 e6 5.Bxc4 c5 6.O-O a6 7.Bb3 Nc6 8.Qe2 cxd4
9.Rd1 Be7 10.Nc3 O-O 11.Nxd4 Nxd4 12.exd4 Re8 13.Qf3 Qc7 14.Bg5 Bd7 15.d5 Nxd5
16.Nxd5 exd5 17.Bf4 Qb6 18.Bxd5 Bc6 19.Bxc6 Qxc6 20.Qxc6 bxc6 21.Rac1 Bf6
22.Rc2 a5 23.g3 Re6 24.Rd6 Rxd6 25.Bxd6 a4 26.Kf1  1/2-1/2

[Event "ch-Paris Open"]
[Site "Paris FRA"]
[Date "2005.07.12"]
[Round "4"]
[White "Tregubov,P"]
[Black "Gouliev,N"]
[Result "0-1"]
[WhiteElo "2607"]
[BlackElo "2555"]

1.d4 d5 2.Nf3 Nf6 3.c4 dxc4 4.e3 e6 5.Bxc4 c5 6.O-O a6 7.Bb3 Nc6 8.Nc3 Be7
9.dxc5 Qxd1 10.Rxd1 Bxc5 11.Bd2 Na5 12.Ba4+ Bd7 13.Bxd7+ Nxd7 14.Ne4 Nc6
15.Bc3 Bf8 16.Nd6+ Bxd6 17.Rxd6 Nf6 18.Rad1 Ke7 19.Bxf6+ Kxf6 20.Rd7 Rhd8
21.h4 h6 22.h5 b5 23.Kf1 Rxd7 24.Rxd7 Ra7 25.Rd6 Rc7 26.Ke2 g6 27.hxg6 fxg6
28.a3 h5 29.Kd2 Ke7 30.Rd3 Rd7 31.Rxd7+ Kxd7 32.Kd3 Kd6 33.Ke4 a5 34.b3 b4
35.a4 e5 36.Nd2 Ke6 37.f4 exf4 38.exf4 Nd8 39.Nc4 Nb7 40.Ke3 Kf5 41.Kf3 h4
42.Ke3 Kg4 43.Ne5+ Kf5 44.Kd4 Nd8 45.Kc4 g5 46.fxg5 Kxe5 47.Kb5 Kd4 48.Kxa5 Kc3
49.Kb6 Kxb3 50.a5 Kc4 51.a6 b3 52.a7 b2 53.a8=Q b1=Q+ 54.Kc7 Qh7+ 55.Kb8 Qd7
56.Qe4+ Qd4 57.Qc2+ Kd5 58.Kc8 Ne6 59.g6 Qh8+ 60.Kb7 Nc5+ 61.Kb6 Qb8+ 62.Ka5 Kc6
63.Qc4  0-1

[Event "Viking GM"]
[Site "St Petersburg RUS"]
[Date "2005.07.12"]
[Round "6"]
[White "Bets,A"]
[Black "Payen,A"]
[Result "1/2-1/2"]
[WhiteElo "2377"]
[BlackElo "2417"]

1.d4 d5 2.c4 c6 3.Nf3 Nf6 4.e3 e6 5.Bd3 dxc4 6.Bxc4 c5 7.O-O cxd4 8.exd4 Be7
9.Nc3 O-O 10.Re1 Nc6 11.Bb3 Qa5 12.Ne5 Rd8 13.Nxc6 bxc6 14.Qf3 Bb7 15.Be3 Rd7
16.Qh3 c5 17.dxc5 Bxc5 18.Bxc5 Qxc5 19.Na4 Qg5 20.Rac1 Rd4 21.Rc5 Qf4 22.Nc3 Rd2
23.Qg3 Qd4 24.Rc7 Rd3  1/2-1/2

[Event "ch-SWE"]
[Site "Goeteborg SWE"]
[Date "2005.07.15"]
[Round "13"]
[White "Cramling,P"]
[Black "Brynell,S"]
[Result "1/2-1/2"]
[WhiteElo "2494"]
[BlackElo "2484"]

1.d4 d5 2.Nf3 Nf6 3.c4 dxc4 4.e3 e6 5.Bxc4 c5 6.Qe2 a6 7.dxc5 Bxc5 8.O-O Nc6
9.Nbd2 O-O 10.a3 Bd6 11.Bd3 b5 12.Ne4 Nxe4 13.Bxe4 Bb7 14.Rd1 Qc7 15.Bd2 f5
16.Bxc6 Bxc6 17.Rac1 Qb7 18.Bb4 Bxb4 19.axb4 Bxf3 20.gxf3  1/2-1/2

[Event "ch-Paris Open"]
[Site "Paris FRA"]
[Date "2005.07.15"]
[Round "7"]
[White "Malakhatko,V"]
[Black "Sadvakasov,D"]
[Result "1/2-1/2"]
[WhiteElo "2556"]
[BlackElo "2610"]

1.d4 d5 2.Nf3 Nf6 3.c4 dxc4 4.e3 e6 5.Bxc4 c5 6.O-O a6 7.dxc5 Bxc5 8.Qxd8+ Kxd8
9.Be2 Ke7 10.Nbd2 Nc6 11.b3 b5 12.Bb2 Bb7 13.Rfc1 Bb4 14.a3 Ba5 15.b4 Bb6
16.Nb3 Rac8 17.Nc5 Bxc5 18.Rxc5 Nb8 19.Rac1 Rxc5 20.Rxc5 Rc8 21.Rxc8 Bxc8
22.Nd2 Ne8 23.g4 f6 24.f4 Nd7 25.Kf2 Bb7 26.h4 g6 27.Bd3 f5 28.gxf5 gxf5
29.e4 Nd6 30.e5 Ne8 31.Bd4 Kf7 32.Be2 Kg6 33.Nf1 Nc7 34.Ng3 Kf7 35.Bh5+ Ke7
36.Bd1 Nd5 37.Bf3 Ba8 38.Nh5 N5b6 39.Bd1 Nc4 40.Nf6 h6 41.Nxd7 Kxd7 42.Bc5 Nxa3
43.Bf8 Ke8 44.Bxh6 Kf7 45.Ke3 Nc4+ 46.Kd4 Kg6 47.Bg5 Nb2 48.h5+ Kh7 49.Be2 Na4
50.Be7 Kg7 51.Bd1 Bc6 52.Bb3 Bd7 53.Bg5 Kh7 54.Ke3 Kg7 55.Kf2 Nc3 56.Kg3 Ne2+
57.Kh4 Nd4 58.Bf6+ Kh6 59.Bg5+ Kh7 60.Bd1 Nc6 61.Bf6 Nxb4 62.Bd8 Nc6 63.Bb6 a5
64.Kg5 a4 65.Bc5 Na5 66.h6 Be8 67.Kf6 Kxh6 68.Kxe6 Kg6 69.Bc2 Bf7+ 70.Ke7 Bb3
71.Bd3 Bc4 72.Bc2 Nb3 73.Bxb3 axb3 74.Ba3 Kh5 75.Kf6 Kg4 76.Bc1 b4 77.e6 Bb5
78.e7 Be8 79.Bb2 Bf7 80.Ba3  1/2-1/2

[Event "Politiken Cup"]
[Site "Copenhagen DEN"]
[Date "2005.07.17"]
[Round "2"]
[White "Schandorff,L"]
[Black "Struch,T"]
[Result "1/2-1/2"]
[WhiteElo "2519"]
[BlackElo "2083"]

1.d4 d5 2.c4 dxc4 3.e3 Nf6 4.Bxc4 e6 5.Nf3 c5 6.O-O a6 7.dxc5 Qxd1 8.Rxd1 Bxc5
9.Nbd2 Nc6 10.Nb3 Be7 11.Bd2 Ne4 12.Be1 O-O 13.Rac1 Rd8 14.Bd3 Nf6 15.Na5 Nxa5
16.Bxa5 Rd5 17.Bc3 b5 18.e4 Rc5 19.Nd2 Bb7 20.Nb3 Rc7 21.Na5 Rac8 22.Nxb7 Rxb7
23.Ba5 Rbb8 24.Bc7 Rb7 25.Ba5 Rbb8 26.Kf1 Kf8 27.Ke2 Bd8 28.Bb4+ Be7 29.Ba5 Bd8
30.Bc3 Be7 31.f3 Ke8 32.Be5 Ra8 33.g4 g6 34.Bf4 Nd7 35.Rxc8+ Rxc8 36.Rc1 Rxc1
37.Bxc1 Ne5 38.Be3 Nxd3 39.Kxd3  1/2-1/2

[Event "Open"]
[Site "Ghent BEL"]
[Date "2005.07.19"]
[Round "8"]
[White "Van der Stricht,G"]
[Black "Michiels,B"]
[Result "1/2-1/2"]
[WhiteElo "2400"]
[BlackElo "2457"]

1.d4 d5 2.c4 dxc4 3.Nf3 Nf6 4.e3 e6 5.Bxc4 c5 6.Qe2 a6 7.dxc5 Bxc5 8.O-O Nc6
9.e4 Nd4 10.Nxd4 Bxd4 11.e5 Nd7 12.Bf4 Qc7 13.Rc1 Qb8 14.Re1 b5 15.Bb3 Nc5
16.Nc3 Nxb3 17.axb3 O-O 18.Red1 Bxc3 19.bxc3 Bb7 20.Rd3 f5 21.Rd6 Qc8 22.c4 bxc4
23.bxc4 a5 24.h4 a4 25.Ra3 Be4 26.f3 Qc5+ 27.Qe3 Qxe3+ 28.Bxe3 Bc2 29.Rxe6 Bb3
30.Rc6 Rac8 31.Rxc8 Rxc8 32.c5 Kf7 33.Ra1 Ke6 34.f4 Kd5 35.Kf2 Ra8 36.Bc1 Kxc5
37.Ke3 Be6 38.Ba3+ Kc4 39.Bd6 Kb3 40.Ba3 Rc8 41.Bd6 Ra8 42.Ba3 Ra5 43.g3 g6
44.Kd2 Rd5+ 45.Ke3 Ra5 46.Kd2 Rd5+ 47.Ke3  1/2-1/2

[Event "ACT Open"]
[Site "Amsterdam NED"]
[Date "2005.07.20"]
[Round "5"]
[White "Purnama,T"]
[Black "Ernst,S"]
[Result "1/2-1/2"]
[WhiteElo "2337"]
[BlackElo "2457"]

1.d4 d5 2.c4 dxc4 3.Nf3 Nf6 4.e3 e6 5.Bxc4 c5 6.O-O a6 7.Bb3 b5 8.a4 b4 9.Nbd2 Be7
10.e4 cxd4 11.e5 Nfd7 12.Ne4 Bb7 13.Nd6+ Bxd6 14.exd6 Nc5 15.Nxd4 Qxd6 16.Nxe6 Qxd1
17.Nc7+ Kd7 18.Rxd1+ Kxc7 19.Bf4+ Kb6 20.Be3 a5 21.Rac1 Na6 22.Bc4 Rhd8 23.Bxa6 Kxa6
24.Bxc5 Bc6 25.Rxd8 Rxd8 26.Bxb4 axb4 27.Rxc6+ Kb7 28.Rc1 Rd2 29.h4 Rxb2
30.Rc5 Ka6 31.Rb5 f5 32.g3 g6 33.Kg2 Rb3 34.Kh3 Rb1 35.Kg2 Rb3 36.Kh3 f4
37.Kg4 fxg3 38.fxg3 h5+ 39.Kf4 Ka7 40.Ra5+ Kb6 41.Rg5 Ka6 42.Rxg6+ Ka5 43.Rg5+ Kxa4
44.Rxh5 Rc3 45.Rh8 Rc4+ 46.Kf3 b3 47.Rb8 Rc3+ 48.Kg4 Rc4+ 49.Kh3 Ka3 50.h5 b2
51.Rxb2 Kxb2 52.g4 Kc3 53.Kh4 Kd4 54.Kg5 Ke5 55.h6 Rc7 56.Kg6 Rc6+ 57.Kg7 Rc4
58.h7  1/2-1/2

[Event "MTO Open"]
[Site "Biel SUI"]
[Date "2005.07.22"]
[Round "5"]
[White "Nabavi,P"]
[Black "Giertz,N"]
[Result "0-1"]
[WhiteElo "2133"]
[BlackElo "2247"]

1.d4 d5 2.c4 dxc4 3.Nf3 Nf6 4.e3 e6 5.Bxc4 c5 6.O-O Nc6 7.Nc3 Be7 8.Qe2 cxd4
9.Rd1 O-O 10.exd4 Na5 11.Bd3 b6 12.Rb1 Bb7 13.b4 Nc6 14.a3 a5 15.b5 Na7 16.Ne5 Rc8
17.Ne4 Nxe4 18.Bxe4 Bxe4 19.Qxe4 Qd5 20.Qxd5 exd5 21.Bd2 Rfd8 22.a4 f6 23.Nf3 Rc4
24.Ra1 Nc8 25.Bf4 Bd6 26.Be3 Ne7 27.Nd2 Rc3 28.Rdc1 Rdc8 29.Nf3 R8c4 30.Rxc3 Rxc3
31.Kf1 Nf5 32.Ke2 Rc4 33.Kd3 Bb4 34.Rc1 Nxe3  0-1

[Event "MTO Open"]
[Site "Biel SUI"]
[Date "2005.07.24"]
[Round "6"]
[White "Cebalo,M"]
[Black "Costa,JL"]
[Result "1-0"]
[WhiteElo "2511"]
[BlackElo "2381"]

1.d4 d5 2.c4 dxc4 3.Nf3 Nf6 4.e3 e6 5.Bxc4 c5 6.O-O a6 7.Bb3 Nc6 8.Nc3 cxd4
9.exd4 Na5 10.Bc2 b5 11.Bg5 Be7 12.Qd3 Bb7 13.Rfe1 Rc8 14.Ne5 Nc4 15.Nxc4 Rxc4
16.Rad1 Rc7 17.Qg3 b4 18.Ba4+ Kf8 19.Bxf6 Bxf6 20.Ne4 Bxe4 21.Rxe4 Be7 22.Qf3 Qd6
23.b3 Bf6 24.Ree1 h6 25.h4 h5 26.g3 Rh6 27.d5 e5 28.Qe2 g6 29.Qd2 Kg7 30.Qxb4 Be7
31.Qd2 Bf6 32.Rc1 Rxc1 33.Rxc1 Rh8 34.Rc4 Rd8 35.Rc6 Qe7 36.Rxa6 e4 37.Qf4 Bb2
38.Rc6 Ba3 39.Rc7 Rd7  1-0

[Event "Politiken Cup"]
[Site "Copenhagen DEN"]
[Date "2005.07.24"]
[Round "10"]
[White "Bekker Jensen,Ann"]
[Black "Struch,T"]
[Result "0-1"]
[WhiteElo "2008"]
[BlackElo "2083"]

1.d4 d5 2.c4 dxc4 3.e3 Nf6 4.Bxc4 e6 5.Nf3 c5 6.O-O a6 7.a4 Nc6 8.Qe2 Qc7
9.Nc3 Bd6 10.dxc5 Bxc5 11.Rd1 O-O 12.h3 Ne5 13.Nxe5 Qxe5 14.Qf3 Qc7 15.b3 Bd7
16.Bb2 Bc6 17.Qe2 Rad8 18.Rxd8 Rxd8 19.Rd1 h6 20.Rd3 Ba7 21.Qd1 Rxd3 22.Bxd3 Bb8
23.g3 h5 24.h4 Ng4 25.Qe1 Ba7 26.Bf1 Qb6 27.Bg2 Bxg2 28.Kxg2 Qxb3 29.Qd2 Qb6
30.Ne2 Qc6+ 31.Kg1 Qf3 32.Nd4 Bxd4 33.Bxd4 Qd5 34.Bc3 Qxd2 35.Bxd2 b5 36.axb5 axb5
37.Kf1 Ne5 38.Ke2 Kh7 39.e4 Kg6 40.f4 Nc6 41.Kd3 Kh7 42.Be3 Kg8 43.Bc5 f5
44.Ke3 Kf7 45.Kd3 Ke8 46.Ke3 Kd7 47.Bf8 g6 48.Kd3 Kc7 49.Ke3 Kb6 50.Kd3 Ka5
51.e5 Ka4 52.Kc3 b4+ 53.Bxb4 Nxb4  0-1

[Event "Open A"]
[Site "Pardubice CZE"]
[Date "2005.07.27"]
[Round "6"]
[White "Lechtynsky,J"]
[Black "Makarov,M"]
[Result "1/2-1/2"]
[WhiteElo "2442"]
[BlackElo "2514"]

1.d4 d5 2.c4 dxc4 3.Nf3 Nf6 4.e3 e6 5.Bxc4 c5 6.O-O a6 7.dxc5 Qxd1 8.Rxd1 Bxc5
9.a3 b6 10.Nbd2 Bb7 11.b4 Be7 12.Bb2 Nbd7 13.Be2 O-O 14.Nc4 Bd5 15.Rac1  1/2-1/2

[Event "MTO Open"]
[Site "Biel SUI"]
[Date "2005.07.29"]
[Round "11"]
[White "Huss,A"]
[Black "Giertz,N"]
[Result "1/2-1/2"]
[WhiteElo "2329"]
[BlackElo "2247"]

1.d4 d5 2.c4 dxc4 3.Nf3 Nf6 4.e3 e6 5.Bxc4 c5 6.O-O Nc6 7.Qe2 cxd4 8.Rd1 Be7
9.exd4 Na5 10.Bb5+ Bd7 11.Bxd7+ Qxd7 12.Ne5 Qc7 13.Bf4 Nd5 14.Bg3 Bd6 15.Na3 a6
16.Rac1 Qd8 17.Nc2 O-O 18.Ne3 Nxe3 19.Qxe3 Rc8 20.Rxc8 Qxc8 21.Rc1 Qd8 22.h3 Bxe5
23.dxe5 Nc6 24.f4 Qd5 25.b3 Rd8 26.Be1 Qd4 27.Qxd4 Rxd4 28.Rc4 Rxc4 29.bxc4 g5
30.g3 gxf4 31.gxf4 Kg7 32.Kf2 Kg6 33.Ke3 Kf5 34.Bd2 Ne7 35.Kf3 b5 36.cxb5 axb5
37.Be3 Nd5 38.Bd2 Nb6 39.Be3 Nc4 40.Bc5 Nd2+ 41.Ke3 Ne4 42.Bb4 f6 43.exf6 Nxf6
44.Bd6 Nd5+ 45.Kf3 h5 46.a3  1/2-1/2

[Event "Open Dutch Championship"]
[Site "Dieren NED"]
[Date "2005.07.29"]
[Round "4"]
[White "Hendriks,Ric"]
[Black "Struik,T"]
[Result "1/2-1/2"]
[WhiteElo "2158"]
[BlackElo "2206"]

1.d4 d5 2.c4 dxc4 3.Nf3 Nf6 4.e3 e6 5.Bxc4 c5 6.O-O a6 7.Bb3 b5 8.Qe2 Bb7
9.a4 b4 10.Rd1 Qc7 11.Nbd2 Nc6 12.Nc4 Be7 13.Bd2 O-O 14.Rac1 Rad8 15.Nce5 Na5
16.Ba2 Qb6 17.Nc4 Nxc4 18.Bxc4 Ne4 19.Be1 Bf6 20.dxc5 Nxc5 21.b3 Ne4 22.Nd4 Nd6
23.a5 Qxa5 24.Ra1 Qg5 25.f4 Qc5 26.Bxa6 e5 27.fxe5 Bxe5 28.Bxb7 Nxb7 29.Qc4 Qxc4
30.bxc4 Bd6 31.Rab1 Na5 32.Bxb4 Nxc4 33.Nc6 Rd7 34.Bxd6  1/2-1/2

[Event "Open Dutch Championship"]
[Site "Dieren NED"]
[Date "2005.08.03"]
[Round "8"]
[White "Ellenbroek,T"]
[Black "Zhang,T"]
[Result "0-1"]
[WhiteElo "2141"]
[BlackElo "2115"]

1.d4 d5 2.c4 dxc4 3.e3 e6 4.Bxc4 Nf6 5.Nf3 c5 6.O-O a6 7.a4 Nc6 8.Nc3 cxd4
9.exd4 Be7 10.Be3 O-O 11.Ne5 Qc7 12.Nxc6 Qxc6 13.Qb3 Rd8 14.Rac1 Qd6 15.Rfd1 Nd5
16.Ne4 Qb4 17.Bg5 Qxb3 18.Bxb3 Bxg5 19.Nxg5 Bd7 20.Rc5 Bc6 21.Nf3 Nf4 22.Kf1 Bxf3
23.gxf3 Rd7 24.d5 exd5 25.Bxd5 Ne6 26.Rcc1 Rad8 27.Bb3 Rxd1+ 28.Bxd1 Kf8
29.Ke2 Ke7 30.Ke3 Rd4 31.b3 Rh4 32.Bc2 Rb4 33.Rg1 f5 34.Bxf5 Rxb3+ 35.Ke4 g6
36.Bxe6 Kxe6 37.a5 Rb5 38.Ra1 Rb4+ 39.Ke3 Ke5 40.Ra3 Kd5 41.f4 Kc5 42.Rc3+ Kb5
43.Rc7 Kxa5 44.Rxh7 b5 45.h4 Rc4 46.h5 gxh5 47.f5 Rc6 48.Rxh5 Ka4 49.Ke4 b4
50.Kd5 Rb6 51.Kc5 Rb5+ 52.Kc4 b3 53.Rh6 a5 54.Rh1 b2 55.Rb1 Rb8 56.f6 Ka3
57.f7 Ka2 58.Re1 b1=Q 59.Rxb1 Kxb1  0-1

[Event "HZ Open"]
[Site "Vlissingen NED"]
[Date "2005.08.10"]
[Round "5"]
[White "Henrichs,T"]
[Black "Tiggelman,R"]
[Result "1-0"]
[WhiteElo "2413"]
[BlackElo "2177"]

1.d4 d5 2.c4 dxc4 3.Nf3 Nf6 4.e3 e6 5.Bxc4 c5 6.O-O a6 7.dxc5 Bxc5 8.Qxd8+ Kxd8
9.Nbd2 Nc6 10.b3 Ke7 11.Bb2 Rd8 12.Be2 Bb4 13.Nc4 b5 14.Nb6 Rb8 15.Nxc8+ Rdxc8
16.a4 Na5 17.axb5 Rc2 18.Be5 Rd8 19.Bd1 Rc5 20.bxa6 Nc6 21.Bb2 Nd5 22.Nd4 Na5
23.Ra4 e5 24.Nc2 Nc3 25.Bxc3 Bxc3 26.b4 Rcd5 27.Bf3  1-0

[Event "Caissa IM August"]
[Site "Kecskemet HUN"]
[Date "2005.08.12"]
[Round "7"]
[White "Sarosi,Z"]
[Black "Zakharchenko,A"]
[Result "1/2-1/2"]
[WhiteElo "2336"]
[BlackElo "2258"]

1.d4 d5 2.c4 dxc4 3.e3 Nf6 4.Bxc4 e6 5.Nf3 c5 6.O-O a6 7.Qe2 b5 8.Bb3 Bb7
9.Rd1 Nbd7 10.Nc3 Qc7 11.d5 Nxd5 12.Bxd5 Bxd5 13.Nxd5 exd5 14.Rxd5 Qc6 15.e4 Be7
16.Bf4  1/2-1/2

[Event "FSGM August"]
[Site "Budapest HUN"]
[Date "2005.08.13"]
[Round "8"]
[White "Payen,A"]
[Black "Erdos,V"]
[Result "1/2-1/2"]
[WhiteElo "2417"]
[BlackElo "2499"]

1.d4 d5 2.c4 dxc4 3.Nf3 Nf6 4.e3 e6 5.Bxc4 c5 6.O-O a6 7.dxc5 Bxc5 8.Qxd8+ Kxd8
9.Nbd2 Ke7 10.Be2 Nbd7 11.Ne1 Ne5 12.Nb3 Bd6 13.f3  1/2-1/2

[Event "FSIMA August"]
[Site "Budapest HUN"]
[Date "2005.08.15"]
[Round "10"]
[White "Jakab,A"]
[Black "Wiley,To"]
[Result "1/2-1/2"]
[WhiteElo "2451"]
[BlackElo "2305"]

1.d4 d5 2.c4 dxc4 3.Nf3 Nf6 4.e3 e6 5.Bxc4 c5 6.O-O a6 7.dxc5 Qxd1 8.Rxd1 Bxc5
9.Nbd2 O-O 10.Nb3 Be7 11.Bd2 b6 12.Ne5 Nfd7 13.Bc3 Nxe5 14.Bxe5 Rd8 15.Be2 Bb7
16.Bc7 Rxd1+ 17.Rxd1 b5 18.Na5 Bd5 19.Bf3 Bxf3 20.gxf3  1/2-1/2

[Event "15th ch-SLO"]
[Site "Ptuj SLO"]
[Date "2005.08.15"]
[Round "5"]
[White "Sebenik,M"]
[Black "Borisek,J"]
[Result "0-1"]
[WhiteElo "2407"]
[BlackElo "2509"]

1.d4 d5 2.Nf3 Nf6 3.c4 dxc4 4.e3 e6 5.Bxc4 c5 6.O-O a6 7.Bd3 b6 8.Re1 Bb7
9.a3 Nbd7 10.e4 cxd4 11.e5 Nd5 12.Nxd4 g6 13.Nd2 Bg7 14.N2f3 O-O 15.Bg5 Qb8
16.Qe2 b5 17.b4 Qa7 18.Nb3 Rac8 19.Rac1 Nc3 20.Qd2 Bxf3 21.Rxc3 Bd5 22.Bf4 Rxc3
23.Qxc3 Bxb3 24.Qxb3 Qd4 25.Be3 Qxe5 26.a4 Nf6 27.axb5 axb5 28.Qd1 Rd8 29.Qe2 Nd5
30.Bc5 Qb8 31.Qf1 Bc3 32.Rc1 Bxb4 33.Bxb4 Nxb4 34.Bxb5 Rd2 35.Rb1 Qd6 36.Qc4 Nd5
37.Bc6 Nb6  0-1

[Event "15th ch-SLO w"]
[Site "Ptuj SLO"]
[Date "2005.08.16"]
[Round "6"]
[White "Srebrnic,A"]
[Black "Krivec,J"]
[Result "1/2-1/2"]
[WhiteElo "2289"]
[BlackElo "2270"]

1.d4 d5 2.c4 dxc4 3.Nf3 Nf6 4.e3 e6 5.Bxc4 c5 6.O-O a6 7.a4 Nc6 8.Qe2 cxd4
9.Rd1 Be7 10.exd4 O-O 11.Nc3 Nb4 12.Ne5 b6 13.Qf3 Ra7 14.Qg3 Kh8 15.Bb3 Bb7
16.Bd2 Ba8 17.Rac1 Rc7 18.Bf4 Nbd5 19.Nxd5 Rxc1 20.Bxc1 Bxd5 21.Bc2 Qc8 22.Bb1 Qb7
23.Qh3 Be4 24.Ba2 Bd5 25.Bb1 Be4 26.Ba2 Bd5 27.Bb1  1/2-1/2

[Event "14th Open"]
[Site "Kavala GRE"]
[Date "2005.08.19"]
[Round "9"]
[White "Antic,De"]
[Black "Kozhuharov,S"]
[Result "1/2-1/2"]
[WhiteElo "2512"]
[BlackElo "2391"]

1.d4 d5 2.c4 dxc4 3.Nf3 Nf6 4.e3 e6 5.Bxc4 c5 6.O-O a6 7.Re1 Nc6 8.Nc3 b5
9.Bd3 cxd4 10.exd4 Nb4 11.Bg5 Nxd3 12.Qxd3 Be7 13.Ne5 Bb7 14.Nxb5 Bxg2 15.Rac1 O-O
16.Nc7 Nh5 17.Bd2 Bb7 18.Nxa8 Qd5 19.Qf3 Qxf3 20.Nxf3 Bxa8 21.Ne5 Bd6 22.Nc6 Re8
23.d5 Nf6 24.dxe6 fxe6 25.Bb4 Bf4 26.Rc4 g5 27.Bc3 Nd7 28.Ne5 Nb6 29.Rd4 Nd5
30.Bd2 Rc8 31.Rc4 Rd8 32.Bxf4 Nxf4 33.h4 Rf8 34.hxg5 Bd5 35.Rc3 Rf5 36.Rg3 Kg7
37.b3 Rf8 38.Nd7 Rd8 39.Nf6 Ba8 40.Rc3 Rd2 41.Rc8 Bf3 42.Kh2 Ne2 43.Rc7+ Kg6
44.Rd7 Rxa2 45.Nxh7 Bd5 46.Nf6 Bxb3 47.Rb1 Bc4 48.Rb4 Bb5 49.Rd8 Kxg5 50.Ne4+ Kg6
51.Rf8 Nc1 52.Rf6+ Kg7 53.Rxe6 Nd3 54.Rb1 Nxf2 55.Nc3 Kf7 56.Rb6 Rd2 57.Nxb5 axb5
58.Rf1 Ke7 59.Re1+ Kd7 60.Kg3 Nd3 61.Rh1 Kc7 62.Ra6 Nc5 63.Rh7+ Rd7 64.Ra7+ Kc6
65.Raxd7 Nxd7 66.Kf4 Nb6 67.Ke4 Kc5 68.Rc7+ Kb4 69.Kd4 Nc4 70.Ra7 Na3 71.Ra8 Nc2+
72.Kd5 Ne3+ 73.Ke4 Nc4 74.Kd3 Kb3 75.Rb8 b4 76.Rxb4+ Kxb4  1/2-1/2

[Event "ch-SCG jr"]
[Site "Vrnjacka Banja SCG"]
[Date "2005.08.21"]
[Round "11"]
[White "Lapcevic,M"]
[Black "Krivokapic,M"]
[Result "1/2-1/2"]
[WhiteElo "2269"]
[BlackElo "2338"]

1.d4 d5 2.c4 dxc4 3.Nf3 Nf6 4.e3 c5 5.Bxc4 e6 6.O-O a6 7.Bb3 Nc6 8.Nc3 cxd4
9.exd4 Be7 10.Bg5 O-O 11.Qd2 Nb4 12.Rad1 b5 13.Rfe1 Bb7 14.Ne5 Rc8  1/2-1/2

[Event "2nd Dato' Arthur Tan Malaysian Open"]
[Site "Kuala Lumpur MAS"]
[Date "2005.08.22"]
[Round "5"]
[White "Chong Chor Yuen"]
[Black "Yang Ning"]
[Result "0-1"]
[WhiteElo "2127"]
[BlackElo "2164"]

1.d4 d5 2.c4 dxc4 3.Nf3 Nf6 4.e3 e6 5.Bxc4 c5 6.O-O a6 7.a4 Be7 8.Qe2 cxd4
9.Rd1 Nc6 10.exd4 O-O 11.Nc3 Nb4 12.Bg5 Nbd5 13.Ne5 Nxc3 14.bxc3 Nd5 15.Bxe7 Qxe7
16.Qf3 Nf6 17.Bb3 Qc7 18.Rd3 Bd7 19.Qf4 Bc6 20.Rh3 Be4 21.Re1 Bf5 22.Rf3 Qa5
23.Nc4 Qd8 24.Nd6 Nh5 25.Qe5 Bg4 26.Rxf7 Rxf7 27.Nxf7 Qb6 28.h3 Bf5 29.Nh6+ gxh6
30.Qxf5 Qxb3 31.Qxh5 Qxc3 32.Qg4+ Kh8 33.Qe4 Rg8 34.Qe5+ Rg7 35.Re3 Qc1+
36.Kh2 Qc7 37.Rb3 Qxe5+ 38.dxe5 Re7 39.Kg3 Kg7 40.Kg4 Kg6 41.Rb6 h5+ 42.Kh4 Kf5
43.Kxh5 Kxe5 44.g3 Kf6 45.Kh6 Rd7 46.Rb3 e5 47.f3 Kf5 48.Kh5 Rg7 49.g4+ Kf4
50.Kh6 Re7 51.h4 e4 52.fxe4 Kxg4 53.h5 Re6+ 54.Kxh7 Kxh5 55.Rb4 Kg5 56.Kg7 Kf4
57.e5+ Kxe5 58.Rxb7 Kd5 59.a5 Rc6 60.Rb6 Rxb6 61.axb6 Kc6 62.Kf6 Kxb6 63.Ke5 Kc5
64.Ke4 Kc4 65.Ke3 Kc3  0-1

[Event "41st Rubinstein Mem Open A"]
[Site "Polanica Zdroj POL"]
[Date "2005.08.22"]
[Round "4"]
[White "Grycel,K"]
[Black "Warakomski,T"]
[Result "0-1"]
[WhiteElo "2282"]
[BlackElo "2375"]

1.d4 d5 2.c4 dxc4 3.Nf3 Nf6 4.e3 e6 5.Bxc4 c5 6.O-O a6 7.dxc5 Bxc5 8.Qxd8+ Kxd8
9.Rd1+ Ke7 10.Be2 Nbd7 11.Nbd2 b6 12.Nb3 Bd6 13.Nfd4 Bb7 14.Bd2 Rhc8 15.Rac1 Nd5
16.Rxc8 Rxc8 17.Rc1 Rxc1+ 18.Bxc1 g6 19.Bd2 f5 20.a3 e5 21.Nc2 a5 22.f3 Nc7
23.Bc4 e4 24.g4 Bd5 25.Bxd5 Nxd5 26.a4 Nc7 27.Ncd4 Na6 28.Kf2 Ndc5 29.Nxc5 Nxc5
30.b3 Kd7 31.Ke2 Be7 32.Kd1 Bf6 33.Kc2 Bxd4 34.exd4 Nb7 35.Kc3 Kc6 36.b4 axb4+
37.Kxb4 Kd5 38.Be3 Nd6 39.Kc3 Nc4 40.Bc1 e3 41.Kd3 e2 42.Kxe2 Kxd4 43.h3 Kc3
44.Kd1 h5  0-1

[Event "49th TCh-ESP Honor 1"]
[Site "Merida ESP"]
[Date "2005.08.26"]
[Round "3"]
[White "Pelletier,Y"]
[Black "Socko,B"]
[Result "1-0"]
[WhiteElo "2603"]
[BlackElo "2615"]

1.Nf3 d5 2.d4 Nf6 3.c4 dxc4 4.e3 e6 5.Bxc4 c5 6.O-O a6 7.Bb3 b5 8.a4 b4 9.Nbd2 Be7
10.e4 Bb7 11.e5 Nfd7 12.Nc4 O-O 13.Bc2 cxd4 14.Bf4 Nc6 15.Nxd4 Qc7 16.Rc1 Nxd4
17.Qxd4 Qc6 18.Ne3 Bc5 19.Qd3 g6 20.Bb3 Rfc8 21.Rfd1 Rc7 22.Kh1 Nf8 23.f3 Rd7
24.Qe2 Rxd1+ 25.Qxd1 h5 26.Nc4 Be7 27.Nd6 Qd7 28.a5 Rb8 29.Qd2 Ba8 30.Bh6 Bd5
31.Qf4 f5 32.Bxd5 exd5 33.Qd4 Ne6 34.Qxd5 Kh7 35.Rd1 Bxd6 36.Be3 Rb5 37.Qxd6 Qe8
38.Qxa6 Rxe5 39.Qa7+ Ng7 40.Bd4 Re7 41.Qb6 Ne6 42.Bg1 Qa4 43.Re1 Qe8 44.Qd6 Kg7
45.Bc5 Rd7 46.Qxe6  1-0